Global theme park industry
| Main Author: | |
|---|---|
| Format: | Book |
| Published: |
Oxfordshire :
CABI ,
2007
|
| Subjects: |
MARC
| LEADER | 00000cam a2200000 7i4500 | ||
|---|---|---|---|
| 001 | 0000118171 | ||
| 005 | 20081020.0 | ||
| 020 | |a 9781845932084 | ||
| 090 | 0 | 0 | |a 791.068 |b CLA |
| 100 | 1 | |a Clave, S.A. | |
| 245 | 1 | 0 | |a Global theme park industry |c S.A. Clave |
| 260 | |a Oxfordshire : |b CABI , |c 2007 | ||
| 300 | |a 459p. ; |c 25cm. | ||
| 650 | 0 | 0 | |a Amusement parks |x History |
| 999 | |a 00216675 |b BUKU |c RUJUKAN |e PERPUSTAKAAN KOMUNITI PETALING JAYA | ||